| 000 | 00917nam a2200265 i 4500 | ||
|---|---|---|---|
| 001 | 8728 | ||
| 003 | KOSZ 005 | ||
| 005 | 20211005132558.0 | ||
| 008 | 070620s1970 pl a g 001 0 pol | ||
| 015 | _aPB 1970/7016 | ||
| 040 |
_aWA N _cWA N _dKOSZ 005/RW |
||
| 080 | _a77 | ||
| 100 | 1 |
_aCyprian, Tadeusz _d(1898-1979) _eAutor |
|
| 245 | 1 | 0 |
_aFotografia : _btechnika i technologia / _cTadeusz Cyprian. |
| 250 | _aWyd. 10 całkowicie zm. | ||
| 260 |
_aWarszawa : _bWydawnictwa Naukowo-Techniczne, _c1970. |
||
| 300 |
_a530, [1] s., [2] k. tabl. : _bil. ; _c25 cm. |
||
| 380 | _aKsiążki | ||
| 504 | _aBibliogr. s. 507-[513]. Indeks. | ||
| 650 | 7 | _aTechniki fotograficzne | |
| 658 | _aInżynieria i technika | ||
| 710 | 2 |
_aWydawnictwa Naukowo-Techniczne _4pbl. |
|
| 856 |
_uhttp://koha.tu.koszalin.pl/cgi-bin/koha/opac-detail.pl?biblionumber=8728 _yKatalog online BPK |
||
| 942 |
_2UKD _cKS |
||
| 999 |
_c8728 _d8728 |
||